Systémy faktografických informací v ČSSR Orientační rešerše

Uložené v:
Podrobná bibliografia
Hlavný autor: Matoušová, Miroslava
Ďalší autori: Šťastná, Zuzana
Médium: Kniha
Jazyk:Czech
Vydavateľské údaje: Praha Ústředí vědeckých, technických a ekonomických informací 1987
Tagy: Pridať tag
Žiadne tagy, Buďte prvý, kto otaguje tento záznam!

MARC

LEADER 00000nam a2200000 4500
001 c035356
005 20251204110958.3
041 0 |a cze 
044 |a CZ 
245 1 0 |a Systémy faktografických informací v ČSSR  |b Orientační rešerše  |c Miroslava Matoušová, Zuzana Šťastná 
264 1 |a Praha  |b Ústředí vědeckých, technických a ekonomických informací  |c 1987 
300 |a 49 s. 
100 1 |a Matoušová, Miroslava 
700 1 |a Šťastná, Zuzana